000 00620nam a2200241Ia 4500
003 OSt
005 20220918210757.0
006 a|||||r|||| 00| 0
007 ta
008 220917b |||||||| |||| 00| 0 eng d
024 _a121,995
037 _cTextual
040 _aARTS
_cARTS
_beng
041 _2eng
_aeng
082 _aWu2:D, J9;1
100 _aVarma V P
_9119025
245 0 _aStudies in Hindu political thought and its metaphysical foundations
250 _a2nd
260 _c1959
650 _aPOLITICAL SCIENCE
942 _hWu2:D, J9;1
_cTEXL
_2CC
999 _c245188
_d245188